LEADER 01183nam0 22002653i 450 001 VAN0117706 005 20230908084541.280 010 $a978-88-916240-5-5 100 $a20180927d2017 |0itac50 ba 101 $aita 102 $aIT 105 $a|||| ||||| 200 1 $aInfrastrutture ferroviarie, metropolitane, tranviarie e per ferrovie speciali$eelementi di pianificazione e di progettazione$fMarco Guerrieri 210 $aSantarcangelo di Romagna$cMaggioli$d2017 215 $aXI, 265 p.$cill.$d24 cm 410 1$1001VAN0092861$12001 $aPolitecnica$1210 $aSantarcangelo di Romagna$cMaggioli.$v955 620 $dSantarcangelo di Romagna$3VANL000123 700 1$aGuerrieri$bMarco$f1976- $3VANV090691$0756290 712 $aMaggioli $3VANV108045$4650 801 $aIT$bSOL$c20230915$gRICA 899 $aBIBLIOTECA DEL DIPARTIMENTO DI INGEGNERIA$1IT-CE0100$2VAN05 912 $aVAN0117706 950 $aBIBLIOTECA DEL DIPARTIMENTO DI INGEGNERIA$d05PREST G 853 $e05UBI523 20180927 996 $aInfrastrutture ferroviarie, metropolitane, tranviarie e per ferrovie speciali$91524310 997 $aUNICAMPANIA